[Event "GER-ch U12"]
[Site "Willingen"]
[Date "2005.05.21"]
[Round "11"]
[White "Mertens, Fridolin"]
[Black "Riabov, Igor"]
[Result "0-1"]
[WhiteElo "1443"]
[BlackElo "1380"]
[PlyCount "94"]
[EventDate "2005.05.14"]
[EventType "swiss"]
[EventRounds "11"]
[EventCountry "GER"]
[SourceTitle "CBM 106 Extra"]
[Source "ChessBase"]
[SourceDate "2005.07.01"]
[SourceVersion "1"]
[SourceVersionDate "2005.07.01"]
[SourceQuality "1"]

1. e4 e6 2. d4 d5 3. Nd2 dxe4 4. Nxe4 Bd7 5. Nf3 Bc6 6. Ned2 Nd7 7. c3 Ngf6 8. Bd3 Be7 9. 0-0 0-0 10. Re1 Rb8 11. Ne4 b6 12. Qc2 Bb7 13. Bf4 Rc8 14. Rad1 Nd5 15. Bg3 N7f6 16. a3 c5 17. dxc5 Qe8 18. cxb6 axb6 19. Nxf6+ Nxf6 20. Qe2 Qa4 21. Bc2 Qa5 22. Ne5 Ba6 23. Qf3 Qc5 24. Nd7 Nxd7 25. Rxd7 Bb5 26. Rd4 Bf6 27. Rdd1 Bc6 28. Qd3 Qh5 29. Qe3 b5 30. Be4 Bxe4 31. Qxe4 Rfd8 32. Rxd8+ Rxd8 33. f3 Qc5+ 34. Bf2 Qc7 35. Qb4 Qc6 36. Qa5 Rd2 37. b3 Bxc3 38. Qa7 h6 39. Rc1 Rd3 40. Kh1 Qd5 41. b4 Rd1+ 42. Rxd1 Qxd1+ 43. Bg1 Bb2 44. Qa8+ Kh7 45. Qe4+ g6 46. Qe3 e5 47. h3 Bd4 0-1

[Event "GER-ch U12"]
[Site "Willingen"]
[Date "2005.05.20"]
[Round "10"]
[White "Riabov, Igor"]
[Black "Rogasch, Miriam"]
[Result "1-0"]
[WhiteElo "1380"]
[BlackElo "774"]
[PlyCount "81"]
[EventDate "2005.05.14"]
[EventType "swiss"]
[EventRounds "11"]
[EventCountry "GER"]
[SourceTitle "CBM 106 Extra"]
[Source "ChessBase"]
[SourceDate "2005.07.01"]
[SourceVersion "1"]
[SourceVersionDate "2005.07.01"]
[SourceQuality "1"]

1. d4 d5 2. c4 e6 3. Nc3 c6 4. Nf3 Nf6 5. Bg5 Be7 6. e3 Nbd7 7. cxd5 exd5 8. Bd3 Nf8 9. 0-0 Ne6 10. Bh4 g6 11. a3 0-0 12. Rb1 Ng7 13. b4 b5 14. Ne5 Bb7 15. Qc2 Nd7 16. Bxe7 Qxe7 17. f4 Nb6 18. a4 a6 19. axb5 axb5 20. Ne2 f6 21. Ng4 Bc8 22. Nh6+ Kh8 23. e4 dxe4 24. Bxe4 Bb7 25. f5 gxf5 26. Nxf5 Nxf5 27. Rxf5 Rac8 28. Rh5 Rf7 29. Nf4 Nd7 30. Ng6+ Kg7 31. Nxe7 Rxe7 32. Rxh7+ Kf8 33. Rh8+ Kg7 34. Rxc8 Bxc8 35. Bh7 Nf8 36. Bf5 Bb7 37. Qf2 Kf7 38. Re1 Rc7 39. Qg3 Re7 40. Rxe7+ Kxe7 41. Qg7+ 1-0

[Event "GER-ch U12"]
[Site "Willingen"]
[Date "2005.05.19"]
[Round "9"]
[White "Von Wardenburg, Jendrik"]
[Black "Riabov, Igor"]
[Result "1/2-1/2"]
[WhiteElo "965"]
[BlackElo "1380"]
[PlyCount "116"]
[EventDate "2005.05.14"]
[EventType "swiss"]
[EventRounds "11"]
[EventCountry "GER"]
[SourceTitle "CBM 106 Extra"]
[Source "ChessBase"]
[SourceDate "2005.07.01"]
[SourceVersion "1"]
[SourceVersionDate "2005.07.01"]
[SourceQuality "1"]

1. e4 e6 2. d4 d5 3. e5 c5 4. Nf3 Qb6 5. Bd3 Bd7 6. Qe2 cxd4 7. 0-0 Nc6 8. Nbd2 Nb4 9. Nb3 Nxd3 10. cxd3 Bc5 11. Bd2 Ne7 12. Rac1 Rc8 13. Bf4 Ng6 14. Bg3 0-0 15. h4 h6 16. h5 Ne7 17. Bf4 Ba4 18. Nxc5 Rxc5 19. Rxc5 Qxc5 20. Rc1 Qb6 21. b3 Bd7 22. Qb2 Nc6 23. Qd2 Kh7 24. Kh2 Qb4 25. Qb2 a5 26. Bd2 Qb6 27. Qa3 Rc8 28. Qd6 Qc7 29. Qxc7 Rxc7 30. Rc5 b6 31. Rc2 Bc8 32. Nxd4 Bb7 33. Nb5 Rd7 34. Nd6 Nxe5 35. Nxb7 Rxb7 36. Rc3 Ng4+ 37. Kg3 Nf6 38. Kh4 Ne8 39. Rc6 Nc7 40. Be3 Na8 41. Rc8 Nc7 42. Bxb6 Rxb6 43. Rxc7 Rb4+ 44. Kg3 a4 45. bxa4 Rxa4 46. Rxf7 Rxa2 47. Re7 Re2 48. Re8 Re5 49. f3 d4 50. Kf2 Re3 51. Kg3 Re2 52. Rd8 e5 53. Re8 Re3 54. Kf2 Rxd3 55. Rxe5 Kg8 56. Ke2 Ra3 57. Rd5 Ra2+ 58. Kf1 Ra3 1/2-1/2

[Event "GER-ch U12"]
[Site "Willingen"]
[Date "2005.05.17"]
[Round "6"]
[White "Riabov, Igor"]
[Black "Dorn, Carina"]
[Result "1/2-1/2"]
[WhiteElo "1380"]
[BlackElo "1554"]
[PlyCount "97"]
[EventDate "2005.05.14"]
[EventType "swiss"]
[EventRounds "11"]
[EventCountry "GER"]
[SourceTitle "CBM 106 Extra"]
[Source "ChessBase"]
[SourceDate "2005.07.01"]
[SourceVersion "1"]
[SourceVersionDate "2005.07.01"]
[SourceQuality "1"]

1. d4 d5 2. c4 e6 3. Nc3 c6 4. Nf3 f5 5. Bf4 Nf6 6. e3 Be7 7. cxd5 exd5 8. Bd3 0-0 9. 0-0 Ne4 10. Bxe4 fxe4 11. Ne5 Qe8 12. f3 exf3 13. Rxf3 Nd7 14. Bg3 Rxf3 15. Qxf3 Nxe5 16. Bxe5 Qg6 17. Rf1 Be6 18. Ne2 Qg4 19. Qxg4 Bxg4 20. Ng3 Bg5 21. Bf4 Bf6 22. h3 Bd7 23. Kf2 Re8 24. Rd1 Be6 25. Kg1 Bf7 26. Rc1 Bg6 27. a3 Rc8 28. b4 a6 29. Kf2 Kf7 30. Ke2 Ke7 31. Kf2 h6 32. Ke2 Ke6 33. Kd2 Bf7 34. Ne2 g5 35. Bh2 Bg6 36. Nc3 Bd8 37. Rf1 Bc7 38. Bxc7 Rxc7 39. g4 Rc8 40. Ke2 Re8 41. Na4 Ke7 42. Nc5 Rb8 43. Nd3 Bxd3+ 44. Kxd3 Rd8 45. Kc3 Rd6 46. Kb3 Rf6 47. Rxf6 Kxf6 48. a4 b5 49. a5 1/2-1/2

[Event "GER-ch U12"]
[Site "Willingen"]
[Date "2005.05.15"]
[Round "2"]
[White "Thiele, Eileen"]
[Black "Riabov, Igor"]
[Result "0-1"]
[WhiteElo "929"]
[BlackElo "1380"]
[PlyCount "94"]
[EventDate "2005.05.14"]
[EventType "swiss"]
[EventRounds "11"]
[EventCountry "GER"]
[SourceTitle "CBM 106 Extra"]
[Source "ChessBase"]
[SourceDate "2005.07.01"]
[SourceVersion "1"]
[SourceVersionDate "2005.07.01"]
[SourceQuality "1"]

1. e4 e6 2. d4 d5 3. exd5 exd5 4. Nf3 Bd6 5. c4 c6 6. Qe2+ Ne7 7. Be3 0-0 8. Nc3 Bf5 9. h3 Re8 10. g4 Bg6 11. Bg2 dxc4 12. Qxc4 Qc7 13. Rc1 Nd7 14. Ne2 Nd5 15. Bd2 N7b6 16. Qb3 Bf4 17. a3 Qe7 18. Nfg1 Be4 19. Kd1 Bxg2 20. Nxf4 Bxh1 21. f3 Nxf4 22. Bxf4 Nd5 23. Bd2 Ne3+ 24. Bxe3 Qxe3 25. Qxe3 Rxe3 26. f4 Rae8 27. Kd2 Bd5 28. h4 Rg3 29. Ne2 Rg2 30. Kc3 Rexe2 31. b4 Be4 32. g5 Rc2+ 33. Rxc2 Rxc2+ 34. Kb3 Rf2 35. Kc3 Rxf4 36. h5 Rf5 37. Kb3 Rxg5 38. Kb2 Rxh5 39. Kb3 f5 40. Kc3 f4 41. Kd2 f3 42. Ke3 Bd5 43. Kf2 g5 44. Ke3 Rh2 45. a4 f2 46. a5 f1Q 47. b5 Qf3# 0-1

[Event "NRW-ch U12"]
[Site "Kranenburg"]
[Date "2005.04.01"]
[Round "6"]
[White "Henkemeier, Markus"]
[Black "Riabov, Igor"]
[Result "0-1"]
[WhiteElo "1371"]
[BlackElo "1377"]
[PlyCount "88"]
[EventDate "2005.03.28"]
[EventType "swiss"]
[EventRounds "7"]
[EventCountry "GER"]
[SourceTitle "CBM 105 Extra"]
[Source "ChessBase"]
[SourceDate "2005.05.01"]
[SourceVersion "1"]
[SourceVersionDate "2005.05.01"]
[SourceQuality "1"]

1. Nf3 d5 2. b3 Bf5 3. e3 Nf6 4. Bb2 Nbd7 5. Be2 e6 6. 0-0 Bd6 7. d3 0-0 8. Nbd2 c6 9. Rc1 Rc8 10. c4 Re8 11. Bxf6 Qxf6 12. d4 b6 13. Re1 Rc7 14. Bf1 Qg6 15. Nh4 Qh6 16. g3 Be4 17. Bg2 Bxg2 18. Nxg2 Rf8 19. Qf3 f5 20. Qe2 Nf6 21. Nf4 Ne4 22. Nxe4 fxe4 23. Qg4 Re8 24. cxd5 exd5 25. Nxd5 cxd5 26. Rxc7 Bxc7 27. Qd7 Rf8 28. Qxc7 Qf6 29. Rf1 a5 30. Qc2 h5 31. Qe2 Qg6 32. Kh1 Rf3 33. Qb5 h4 34. Qxd5+ Kh7 35. Qc4 Qf5 36. Qe2 hxg3 37. hxg3 Qh5+ 38. Kg2 Rxg3+ 39. Kxg3 Qxe2 40. Rh1+ Kg8 41. Kg2 Qxa2 42. d5 Qxb3 43. Rh5 Qd1 44. Rf5 Qg4+ 0-1

[Event "NRW-ch U12"]
[Site "Kranenburg"]
[Date "2005.03.29"]
[Round "2"]
[White "Kotainy, Jens"]
[Black "Riabov, Igor"]
[Result "1-0"]
[WhiteElo "1625"]
[BlackElo "1377"]
[PlyCount "79"]
[EventDate "2005.03.28"]
[EventType "swiss"]
[EventRounds "7"]
[EventCountry "GER"]
[SourceTitle "CBM 105 Extra"]
[Source "ChessBase"]
[SourceDate "2005.05.01"]
[SourceVersion "1"]
[SourceVersionDate "2005.05.01"]
[SourceQuality "1"]

1. e4 e6 2. d4 d5 3. Nc3 Bb4 4. e5 c5 5. a3 Bxc3+ 6. bxc3 Qc7 7. Nf3 c4 8. Be2 Ne7 9. 0-0 Ng6 10. a4 0-0 11. Ba3 Re8 12. Bd6 Qd8 13. Qd2 f6 14. Ne1 fxe5 15. dxe5 Nc6 16. f4 Nce7 17. Bg4 Bd7 18. Nf3 Nc8 19. Bb4 Qb6+ 20. Qd4 Qc7 21. a5 a6 22. Bh5 Rd8 23. Bxg6 hxg6 24. Bc5 Bb5 25. Ng5 Re8 26. Rf3 Rb8 27. g4 Ra8 28. h4 Rb8 29. h5 gxh5 30. gxh5 Qd7 31. Raf1 Qd8 32. Bb4 b6 33. axb6 Qxb6 34. Qxb6 Rxb6 35. f5 Bd7 36. fxe6 g6 37. exd7 Rd8 38. Rf8+ Rxf8 39. Rxf8+ Kg7 40. dxc8Q 1-0

[Event "NRW-ch U12"]
[Site "Kranenburg"]
[Date "2005.03.29"]
[Round "3"]
[White "Riabov, Igor"]
[Black "Tran, Duc Cuong"]
[Result "1/2-1/2"]
[WhiteElo "1377"]
[BlackElo "1310"]
[PlyCount "47"]
[EventDate "2005.03.28"]
[EventType "swiss"]
[EventRounds "7"]
[EventCountry "GER"]
[SourceTitle "CBM 105 Extra"]
[Source "ChessBase"]
[SourceDate "2005.05.01"]
[SourceVersion "1"]
[SourceVersionDate "2005.05.01"]
[SourceQuality "1"]

1. e4 c5 2. Nf3 Nc6 3. d4 cxd4 4. Nxd4 e5 5. Nb3 Nf6 6. Nc3 Bb4 7. Bd3 d5 8. exd5 Nxd5 9. Bd2 Nxc3 10. Bxc3 Bxc3+ 11. bxc3 0-0 12. 0-0 Qg5 13. Re1 b6 14. Qf3 Bb7 15. Qe4 g6 16. Qf3 Na5 17. Be4 Bxe4 18. Qxe4 Nxb3 19. cxb3 Rfe8 20. Rad1 Rad8 21. Rxd8 Qxd8 22. a4 Qd2 23. Qe3 Qc2 24. c4 1/2-1/2

[Event "SJNR-ch U14"]
[Site "Kranenburg"]
[Date "2005.01.06"]
[Round "7"]
[White "Wurm, Christoph"]
[Black "Riabov, Igor"]
[Result "1-0"]
[WhiteElo "1394"]
[BlackElo "1282"]
[PlyCount "41"]
[EventDate "2005.01.02"]
[EventType "swiss"]
[EventRounds "7"]
[EventCountry "GER"]
[SourceTitle "EXT 2007"]
[Source "ChessBase"]
[SourceDate "2006.11.23"]
[SourceVersion "1"]
[SourceVersionDate "2006.11.23"]
[SourceQuality "1"]

1. d4 d5 2. c4 e6 3. Nc3 Nf6 4. Bg5 Be7 5. e3 c6 6. Nf3 Nbd7 7. Bd3 dxc4 8. Bxc4 h6 9. Bh4 0-0 10. 0-0 Nd5 11. Bg3 Nxc3 12. bxc3 Nb6 13. Bd3 Bd6 14. Ne5 Qe7 15. Qg4 Nd5 16. Bh4 Nf6 17. Qf4 g5 18. Bxg5 hxg5 19. Qxg5+ Kh8 20. Qh6+ Kg8 21. Ng4 1-0

[Event "SJNR-ch U14"]
[Site "Kranenburg"]
[Date "2005.01.05"]
[Round "6"]
[White "Ten Huf, Martin"]
[Black "Riabov, Igor"]
[Result "0-1"]
[WhiteElo "1479"]
[BlackElo "1282"]
[PlyCount "52"]
[EventDate "2005.01.02"]
[EventType "swiss"]
[EventRounds "7"]
[EventCountry "GER"]
[SourceTitle "EXT 2007"]
[Source "ChessBase"]
[SourceDate "2006.11.23"]
[SourceVersion "1"]
[SourceVersionDate "2006.11.23"]
[SourceQuality "1"]

1. e4 e6 2. d4 d5 3. e5 c5 4. c3 Nc6 5. Nf3 Qb6 6. Bd3 Bd7 7. Bc2 cxd4 8. cxd4 Rc8 9. Nc3 Be7 10. a3 a5 11. 0-0 f6 12. Re1 fxe5 13. Nxe5 Nxe5 14. dxe5 Bc5 15. Rf1 Ne7 16. Rb1 0-0 17. Qe2 Rf7 18. Nd1 Bb5 19. Bd3 Bxd3 20. Qxd3 Rcf8 21. Be3 Bxe3 22. Nxe3 Ng6 23. Qe2 Nxe5 24. Nxd5 exd5 25. Qxe5 Rxf2 26. Qxd5+ Kh8 0-1

[Event "GER-ch U10"]
[Site "Willingen"]
[Date "2004.06.04"]
[Round "11"]
[White "Riabov, Igor"]
[Black "Risius, Philipp"]
[Result "0-1"]
[WhiteElo "1353"]
[BlackElo "1264"]
[PlyCount "82"]
[EventDate "2004.06.??"]
[EventType "swiss"]
[EventRounds "11"]
[EventCountry "GER"]
[SourceTitle "EXT 2005"]
[Source "ChessBase"]
[SourceDate "2004.11.15"]
[SourceVersion "1"]
[SourceVersionDate "2004.11.15"]
[SourceQuality "1"]

1. e4 e5 2. Nf3 Nc6 3. Bc4 Bc5 4. c3 Nf6 5. d4 exd4 6. cxd4 Bb4+ 7. Nc3 Nxe4 8. 0-0 Bxc3 9. d5 Bf6 10. Re1 Ne7 11. Rxe4 d6 12. Bg5 Bxg5 13. Nxg5 h6 14. Qe2 hxg5 15. Re1 Be6 16. dxe6 f6 17. Re3 c6 18. Rh3 Rxh3 19. gxh3 g6 20. Bd3 Qa5 21. a3 0-0-0 22. Rd1 Qe5 23. Qg4 Kb8 24. Qa4 Qxe6 25. Bf1 Nd5 26. Qc4 Nc7 27. Qc3 Nd5 28. Qc4 Nf4 29. Qc3 Rh8 30. Qg3 Kc7 31. Qf3 Nxh3+ 32. Bxh3 Rxh3 33. Qg2 Rh4 34. Qf1 Rg4+ 35. Kh1 Rf4 36. Rd3 g4 37. f3 gxf3 38. Rxf3 Qe4 39. Kg2 Qxf3+ 40. Qxf3 Rxf3 41. Kxf3 Kd7 0-1

[Event "GER-ch U10"]
[Site "Willingen"]
[Date "2004.06.03"]
[Round "9"]
[White "Riabov, Igor"]
[Black "Osmanodja, Filiz"]
[Result "1-0"]
[WhiteElo "1353"]
[BlackElo "1219"]
[PlyCount "135"]
[EventDate "2004.06.??"]
[EventType "swiss"]
[EventRounds "11"]
[EventCountry "GER"]
[SourceTitle "EXT 2005"]
[Source "ChessBase"]
[SourceDate "2004.11.15"]
[SourceVersion "1"]
[SourceVersionDate "2004.11.15"]
[SourceQuality "1"]

1. e4 c5 2. Nf3 d6 3. d4 cxd4 4. Nxd4 Nf6 5. Nc3 g6 6. Be3 Bg7 7. f3 0-0 8. Qd2 Nc6 9. Nb3 Bd7 10. 0-0-0 Rc8 11. Bh6 Ne5 12. h4 a5 13. Bxg7 Kxg7 14. a3 Rb8 15. Nd4 Qe8 16. g4 b5 17. h5 b4 18. axb4 axb4 19. Nd5 Nexg4 20. Nxf6 Nxf6 21. hxg6 fxg6 22. Qh6+ Kh8 23. f4 e5 24. fxe5 dxe5 25. Nf3 Bg4 26. Ng5 Qe7 27. Rd2 b3 28. Qxg6 bxc2 29. Rxc2 Rbd8 30. Bc4 Qd7 31. b3 Rc8 32. Nf7+ Rxf7 33. Qxf7 Qxf7 34. Bxf7 Rxc2+ 35. Kxc2 Nxe4 36. Rh4 Bf5 37. Kb2 Nd6 38. Bd5 Bg6 39. Ra4 Kg7 40. Ra7+ Kh6 41. Ra6 Nb5 42. Rb6 Nd4 43. Kc3 Nf3 44. Bxf3 Kg5 45. Re6 Kf5 46. Rd6 e4 47. Be2 Kf4 48. b4 Bf5 49. b5 Ke5 50. Rd1 Kf6 51. b6 Bc8 52. Ra1 Bb7 53. Ba6 Bc6 54. b7 Bxb7 55. Bxb7 e3 56. Kd3 e2 57. Kxe2 h5 58. Ra5 Kg6 59. Kf3 h4 60. Kg4 Kh7 61. Kxh4 Kh8 62. Rg5 Kh7 63. Kg4 Kh8 64. Kf5 Kh7 65. Kf6 Kh6 66. Bc6 Kh7 67. Rg4 Kh8 68. Kf7 1-0

[Event "GER-ch U10"]
[Site "Willingen"]
[Date "2004.06.01"]
[Round "6"]
[White "Osmanodja, Bilgin"]
[Black "Riabov, Igor"]
[Result "1-0"]
[WhiteElo "1388"]
[BlackElo "1353"]
[PlyCount "103"]
[EventDate "2004.06.??"]
[EventType "swiss"]
[EventRounds "11"]
[EventCountry "GER"]
[SourceTitle "EXT 2005"]
[Source "ChessBase"]
[SourceDate "2004.11.15"]
[SourceVersion "1"]
[SourceVersionDate "2004.11.15"]
[SourceQuality "1"]

1. e4 e6 2. d4 d5 3. Nc3 Bb4 4. e5 c5 5. h3 Bxc3+ 6. bxc3 Ne7 7. Qg4 cxd4 8. Qxg7 Rg8 9. Qxh7 Qc7 10. Ne2 dxc3 11. f4 Bd7 12. Qd3 Nbc6 13. Nxc3 a6 14. Bd2 0-0-0 15. Rb1 Nf5 16. Qxa6 Be8 17. Qb6 Qxb6 18. Rxb6 Ncd4 19. Rb2 Bc6 20. Kf2 Kc7 21. Nb5+ Kd7 22. Nxd4 Nxd4 23. c3 Nf5 24. Bb5 Bxb5 25. Rxb5 Kc7 26. Rhb1 Rb8 27. g3 Rg7 28. Be3 Nxe3 29. Kxe3 Rgg8 30. Rc5+ Kd7 31. Rb6 Rgd8 32. Rd6+ Ke7 33. Rc7+ Ke8 34. Rxd8+ Rxd8 35. Rxb7 Rc8 36. Kd3 Rc4 37. Rb4 Rc6 38. c4 Ke7 39. cxd5 exd5 40. Kd4 Ke6 41. g4 f5 42. exf6 Kxf6 43. Kxd5 Ra6 44. a4 Re6 45. Re4 Rb6 46. Rc4 Rb2 47. h4 Rd2+ 48. Rd4 Rh2 49. h5 Rh4 50. g5+ Kf5 51. h6 Rh5 52. a5 1-0

[Event "NRW-ch U12"]
[Site "Wolfsburg"]
[Date "2004.04.15"]
[Round "5"]
[White "Riabov, Igor"]
[Black "Schauerte, Benedikt"]
[Result "1-0"]
[WhiteElo "1268"]
[BlackElo "1315"]
[PlyCount "57"]
[EventDate "2004.04.??"]
[EventType "swiss"]
[EventRounds "7"]
[EventCountry "GER"]
[SourceTitle "EXT 2005"]
[Source "ChessBase"]
[SourceDate "2004.11.15"]
[SourceVersion "1"]
[SourceVersionDate "2004.11.15"]
[SourceQuality "1"]

1. e4 e5 2. Nf3 Nc6 3. Bc4 Bc5 4. c3 Nf6 5. d4 exd4 6. cxd4 Bb4+ 7. Nc3 0-0 8. e5 Ne4 9. 0-0 Nxc3 10. bxc3 Bxc3 11. Rb1 Ba5 12. Ba3 Re8 13. Qb3 Re7 14. Bxe7 Qxe7 15. Qa4 Bb6 16. Rbd1 d6 17. Rfe1 Bd7 18. exd6 Qxd6 19. Bb5 h6 20. d5 Nb8 21. Bxd7 Nxd7 22. Re2 Nf6 23. Ne5 Rd8 24. Qf4 Rd7 25. Qg3 Re7 26. Rde1 Ba5 27. Rb1 b6 28. Rbb2 Bc3 29. Qxc3 1-0